Vnútropodniková komunikácia - nástroj úspešného fungovania spoločnosti McDonald's Slovakia diplomová práca

Salvato in:
Dettagli Bibliografici
Autore principale: Haršanyová, Gabriela
Ente Autore: Fakulta podnikového manažmentu EU. Katedra manažmentu
Altri autori: Szarková, Miroslava, 1951-
Natura: Libro
Lingua:slovacco
Pubblicazione: Bratislava 2009
Tags: Aggiungi Tag
Nessun Tag, puoi essere il primo ad aggiungerne!!

MARC

LEADER 00000nam$a2200000$$$4500
001 0101749
005 20240419114020.8
041 0 |a slo 
044 |a SK 
245 1 0 |a Vnútropodniková komunikácia - nástroj úspešného fungovania spoločnosti McDonald's Slovakia  |b diplomová práca  |c Gabriela Haršanyová ; školiteľ: Miroslava Szarková 
264 1 |a Bratislava  |c 2009 
300 |a 83 s. 
100 1 |a Haršanyová, Gabriela 
700 1 |a Szarková, Miroslava, 1951- 
710 2 |a Fakulta podnikového manažmentu EU. Katedra manažmentu